England's 'T' Surname Football Internationals Quiz Stats

 Plays Quiz not verified by Sporcle

Score 0/24 Timer 05:00
0 Plays Today
Years and clubs while an international England 'T' players % Correct
2003-2012 (Chelsea)John Terry
95.2%
1976-1982 (Liverpool)Phil Thompson
90.3%
2004 (Celtic)Alan Thompson
90.1%
1964-1970 (Liverpool)Peter Thompson
90.1%
1951-1957 (Aston Villa, Preston)Tommy Thompson
90.1%
1991-1992 (Crystal Palace)Geoff Thomas
80.6%
1983 (Coventry)Danny Thomas
80.3%
1988-1989 (Arsenal)Michael Thomas
80.3%
1974-1975 (QPR)Dave Thomas
80.1%
1976 (Crystal Palace)Peter Taylor
74.7%
1953-1957 (Man United)Tommy Taylor
74.7%
1953 (Blackpool)Ernie Taylor
74.3%
Years and clubs while an international England 'T' players % Correct
1951 (Fulham)Jim Taylor
74.3%
1947 (Liverpool)Phil Taylor
74.3%
2017-2018 (Tottenham)Kieran Trippier
69.6%
2013-2016 (Tottenham, Newcastle, Palace)Andros Townsend
68%
1977-1980 (Ipswich, Arsenal)Brian Talbot
51.4%
1972-1977 (Derby)Colin Todd
46%
2018 (Burnley)James Tarkowski
44.6%
1975-1977 (Man City)Dennis Tueart
41.5%
1963-1964 (Wolves)Bobby Thomson
36.9%
1962-1966 (Chelsea) Bobby Tambling
36.5%
1976 (Sunderland)Tony Towers
17.3%
1965 (Everton)Derek Temple
11.4%

You're not logged in!

Compare scores with friends on all Sporcle quizzes.
Join for Free
OR
Log In

You Might Also Like...

Show Comments

Extras

Top Quizzes Today


Score Distribution

Your Account Isn't Verified!

In order to create a playlist on Sporcle, you need to verify the email address you used during registration. Go to your Sporcle Settings to finish the process.

Report this User

Report this user for behavior that violates our Community Guidelines.

Details: